Derecho penal: parte general

Tallennettuna:
Bibliografiset tiedot
Päätekijä: Cury Urzúa, Enrique (autor)
Aineistotyyppi: Kirja
Kieli:espanja
Julkaistu: Santiago, Chile: Universidad Católica de Chile, 2011
Painos:Decima edición.
Sarja:Lecciones
Aiheet:
Linkit:Disponible Online
Tagit: Lisää tagi
Ei tageja, Lisää ensimmäinen tagi!

MARC

LEADER 00000cam a2200000 a 4500
001 UCF8039
003 CL-VaPUC
005 20250507121622.0
008 130725e20110000cl |||||||||||||||||spa|d
999 |c 352720  |d 352718 
020 |a 9789561408081 
040 |c Pontificia Universidad Católica de Valparaíso 
082 0 4 |a 345.83 CUR 2011  |2 21 
100 1 |a Cury Urzúa, Enrique  |e autor  |9 856520 
245 1 0 |a Derecho penal: parte general 
250 |a Decima edición. 
260 |a Santiago, Chile:  |b Universidad Católica de Chile,   |c 2011 
300 |a 812 páginas  
490 0 |a Lecciones 
583 |a last modification  |c 20130731 03:53:18  |k Rodrigo Vera 
650 0 |a Derecho penal chileno  |9 328444 
856 |u http://bibliografiadigital.pucv.cl.pucv.idm.oclc.org/index.php/bibliotecapucv/catalog/book/784  |y Disponible Online  
942 |c BK  |2 ddc 
945 |d 20130725 00:00:00  |a cmena 
952 |0 0  |1 0  |4 0  |6 345_830000000000000_CUR_2011  |7 0  |8 A  |9 457328  |a BIBDER  |b BIBDER  |d 2019-11-22  |i 4879953  |l 37  |m 6  |o 345.83 CUR 2011  |p 4879953  |r 2025-04-22  |s 2025-04-14  |w 2019-11-22  |y BK  |k DER 
952 |0 0  |1 0  |4 0  |6 345_830000000000000_CUR_2011  |7 0  |8 A  |9 457329  |a BIBDER  |b BIBDER  |d 2019-11-22  |i 4879961  |l 18  |m 1  |o 345.83 CUR 2011  |p 4879961  |r 2025-04-30  |s 2024-10-30  |w 2019-11-22  |y BK  |k DER 
952 |0 0  |1 0  |4 0  |6 345_830000000000000_CUR_2011  |7 0  |8 A  |9 457330  |a BIBDER  |b BIBDER  |d 2019-11-22  |i 487997K  |l 2  |m 2  |o 345.83 CUR 2011  |p 487997K  |q 2025-12-31  |r 2021-10-08  |s 2021-10-08  |w 2019-11-22  |y BK  |k DER 
952 |0 0  |1 0  |4 0  |6 345_830000000000000_CUR_2011  |7 0  |8 A  |9 457331  |a BIBDER  |b BIBDER  |d 2019-11-22  |i 4879988  |l 8  |o 345.83 CUR 2011  |p 4879988  |r 2024-11-07  |s 2024-11-07  |w 2019-11-22  |y BK  |k DER